000 01350cad a22002535a 4500
001 L150203
008 100611s2010 xxk f 000 0 eng d
035 _a(Sirsi) u150203
041 0 _aeng
100 1 _aEnemark, Stig
111 2 _aFIG / World Bank Conference Washington DC, USA
_d9 - 10 March 2009
245 0 0 _aFIG Publication No. 45
_bLand governance in support of the Millennium Development Goals, a new agenda for land professionals
_h[electronic resource]
260 _aCopenhagen
_bInternational Federation of Surveyors
_c2010
505 2 _aForeword -- Executive Summary -- Declaration -- Conference Profile -- Land Governance -- Conference Highlights & the Way Forward -- Appendices
520 _aJoint FIG-World Bank Conference on "Land Governance in Support of the Millennium Development Goals" held at the World Bank Headquarters in Washington DC , 9-10 March 2009. Includes a report identifying the highlights of the conference, the ways forward, and also a concluding declaration.
521 _aAdvanced
590 _aKA
651 4 _aInternational
690 _aENVIRONMENT AND LAND CONSULTANCY-PLANNING AND DEVELOPMENT
700 1 _aMcLaren, Robin
700 1 _aVan der Molen, Paul
856 4 0 _uhttps://www.fig.net/pub/figpub/pub45/figpub45.pdf
_zView the conference papers free of charge at www.fig.net
942 _n0
999 _c110790
_d110790